[Event "Oberliga Baden 1617"]
[Site "Baden"]
[Date "2017.02.05"]
[Round "5.4"]
[White "Seitz, Benjamin"]
[Black "Gschnitzer, Adrian"]
[Result "0-1"]
[WhiteElo "2177"]
[BlackElo "2211"]
[PlyCount "52"]
[EventDate "2016.10.16"]
[EventType "team-tourn"]
[EventRounds "9"]
[EventCountry "GER"]
[SourceTitle "EXT 2018"]
[Source "ChessBase"]
[SourceDate "2017.10.13"]
[SourceVersion "1"]
[SourceVersionDate "2017.10.13"]
[SourceQuality "1"]
[WhiteTeam "Brombach"]
[BlackTeam "Walldorf"]
[WhiteTeamCountry "GER"]
[BlackTeamCountry "GER"]

1. d4 Nf6 2. c4 c5 3. d5 b5 4. cxb5 a6 5. bxa6 g6 6. Nc3 Bg7 7. Nf3 0-0 8. e4 Qa5 9. Nd2 Bxa6 10. Be2 d6 11. 0-0 Nfd7 12. Qc2 Bxe2 13. Nxe2 Na6 14. Nb3 Nb4 15. Qd1 Qa6 16. a3 Nd3 17. Rb1 Rfb8 18. Qc2 Qb5 19. Rd1 Nxf2 20. Nbd4 cxd4 21. Kxf2 Qb6 22. Kf1 Rxa3 23. bxa3 Qxb1 24. Qxb1 Rxb1 25. Ke1 Nc5 26. Bd2 Nd3+ 0-1

[Event "Basel Hilton op 14th"]
[Site "Basel"]
[Date "2012.01.04"]
[Round "6"]
[White "Milliet, Sophie"]
[Black "Seitz, Benjamin"]
[Result "1-0"]
[WhiteElo "2404"]
[BlackElo "2128"]
[PlyCount "61"]
[EventDate "2012.01.01"]
[EventType "swiss"]
[EventRounds "7"]
[EventCountry "SUI"]
[SourceTitle "CBM 146 Extra"]
[Source "ChessBase"]
[SourceDate "2012.02.29"]
[SourceVersion "1"]
[SourceVersionDate "2012.02.29"]
[SourceQuality "1"]

1. e4 Nc6 2. Nf3 d5 3. exd5 Qxd5 4. Nc3 Qa5 5. Bb5 Bd7 6. Qe2 Nf6 7. 0-0 e6 8. d4 a6 9. Bc4 Be7 10. Bf4 0-0 11. Rfd1 Nd5 12. Nxd5 exd5 13. Bb3 Rfe8 14. Qd2 Be6 15. c3 Bf5 16. Re1 Nd8 17. Re5 Be6 18. Rae1 c6 19. Bc2 Bf6 20. Rh5 g6 21. Be5 Bxe5 22. Rhxe5 f6 23. R5e3 Qc7 24. h4 Qd7 25. h5 g5 26. Bf5 b5 27. Qe2 Kf7 28. Bxh7 Re7 29. Bg6+ Kg7 30. Bf5 Kf7 31. h6 1-0

[Event "Basel Hilton op 14th"]
[Site "Basel"]
[Date "2012.01.02"]
[Round "3"]
[White "Seitz, Benjamin"]
[Black "Milosevic, Goran"]
[Result "1-0"]
[WhiteElo "2128"]
[BlackElo "2340"]
[PlyCount "95"]
[EventDate "2012.01.01"]
[EventType "swiss"]
[EventRounds "7"]
[EventCountry "SUI"]
[SourceTitle "CBM 146 Extra"]
[Source "ChessBase"]
[SourceDate "2012.02.29"]
[SourceVersion "1"]
[SourceVersionDate "2012.02.29"]
[SourceQuality "1"]

1. d4 Nf6 2. c4 e6 3. Nf3 Bb4+ 4. Nbd2 0-0 5. a3 Bxd2+ 6. Bxd2 b6 7. g3 Bb7 8. Bg2 d6 9. 0-0 Nbd7 10. Qc2 Be4 11. Qc3 c5 12. b4 cxd4 13. Qxd4 Qc7 14. Rac1 Rfd8 15. Rfd1 Rac8 16. Bc3 Bxf3 17. Bxf3 Ne5 18. Qf4 Ng6 19. Qe3 Nd7 20. Be4 Nde5 21. Bxg6 Nxg6 22. h4 h6 23. Bb2 Qe7 24. f4 f5 25. h5 Nf8 26. Qf3 Qe8 27. g4 fxg4 28. Qxg4 Rc7 29. Rc3 e5 30. Rg3 Ne6 31. fxe5 dxe5 32. Rxd8 Nxd8 33. Qf5 Re7 34. b5 Nb7 35. Rd3 Re6 36. Rd5 Nd6 37. Qg4 Nf7 38. a4 Qe7 39. c5 bxc5 40. Ba3 Ng5 41. Bxc5 Qf7 42. Rd8+ Kh7 43. Rf8 Qc7 44. Be3 e4 45. Qf5+ g6 46. hxg6+ Rxg6 47. Bxg5 Kg7 48. Rg8+ 1-0

[Event "Basel Hilton op 13th"]
[Site "Basel"]
[Date "2011.01.02"]
[Round "4"]
[White "Kelecevic, Nedeljko"]
[Black "Seitz, Benjamin"]
[Result "1-0"]
[WhiteElo "2281"]
[BlackElo "2084"]
[PlyCount "39"]
[EventDate "2011.01.01"]
[EventType "swiss"]
[EventRounds "7"]
[EventCountry "SUI"]
[SourceTitle "EXT 2012"]
[Source "ChessBase"]
[SourceDate "2011.11.24"]
[SourceVersion "1"]
[SourceVersionDate "2011.11.24"]
[SourceQuality "1"]

1. d4 Nf6 2. c4 e6 3. Nf3 c5 4. d5 exd5 5. cxd5 Bd6 6. Bg5 Bc7 7. e3 d6 8. Be2 0-0 9. 0-0 a6 10. a4 Re8 11. Nc3 Nbd7 12. Nd2 h6 13. Bh4 Ne5 14. Nde4 g5 15. Nxf6+ Qxf6 16. Bg3 Ng6 17. Bd3 Rb8 18. Rc1 Bf5 19. Qf3 h5 20. h3 1-0

[Event "Gibraltar Masters 8th"]
[Site "Caleta"]
[Date "2010.02.03"]
[Round "9"]
[White "Dworakowska, Joanna"]
[Black "Seitz, Benjamin"]
[Result "1-0"]
[WhiteElo "2374"]
[BlackElo "2017"]
[PlyCount "53"]
[EventDate "2010.01.26"]
[EventType "swiss"]
[EventRounds "10"]
[EventCountry "GGB"]
[SourceTitle "CBM 134 Extra"]
[Source "ChessBase"]
[SourceDate "2010.03.03"]
[SourceVersion "1"]
[SourceVersionDate "2010.03.03"]
[SourceQuality "1"]

1. e4 c5 2. Nf3 e6 3. d4 cxd4 4. Nxd4 Qb6 5. Nc3 Bc5 6. Na4 Qa5+ 7. c3 Bxd4 8. Qxd4 Nf6 9. Nc5 Nc6 10. Qe3 b6 11. Nb3 Qa4 12. Nd2 Ba6 13. Be2 Bxe2 14. Qxe2 d5 15. exd5 Nxd5 16. Ne4 0-0 17. 0-0 Ne5 18. b3 Qc6 19. c4 Nf6 20. Nxf6+ gxf6 21. Bb2 Qc5 22. Kh1 Rad8 23. f4 Nd7 24. Rad1 Qf5 25. Rd3 Nc5 26. Rg3+ Kh8 27. Rg5 1-0

[Event "Gibraltar Masters 8th"]
[Site "Caleta"]
[Date "2010.01.29"]
[Round "4"]
[White "Seitz, Benjamin"]
[Black "Schoene, Maria"]
[Result "1-0"]
[WhiteElo "2017"]
[BlackElo "2251"]
[PlyCount "89"]
[EventDate "2010.01.26"]
[EventType "swiss"]
[EventRounds "10"]
[EventCountry "GGB"]
[SourceTitle "CBM 134 Extra"]
[Source "ChessBase"]
[SourceDate "2010.03.03"]
[SourceVersion "1"]
[SourceVersionDate "2010.03.03"]
[SourceQuality "1"]

1. d4 Nf6 2. Nf3 g6 3. c4 Bg7 4. Nc3 0-0 5. e4 d6 6. Be2 e5 7. d5 a5 8. Be3 Ng4 9. Bg5 f6 10. Bh4 h5 11. Nd2 Nh6 12. f3 Nf7 13. a3 Bh6 14. Bf2 f5 15. h4 Bd7 16. b3 c5 17. dxc6 bxc6 18. c5 dxc5 19. Bxc5 Na6 20. Bxa6 Rxa6 21. Bxf8 Qxf8 22. Nc4 Be6 23. Qd3 Bf4 24. Ne2 fxe4 25. fxe4 Qc5 26. Rd1 Ra7 27. Nxf4 exf4 28. Qd4 Qe7 29. Ne5 c5 30. Qb2 Rb7 31. Nxf7 Bxf7 32. 0-0 Rxb3 33. Qd2 Qxe4 34. Rxf4 Qe3+ 35. Qxe3 Rxe3 36. Rd8+ Re8 37. Rxe8+ Bxe8 38. Rc4 a4 39. Rxc5 Kf7 40. Kf2 Ke6 41. Ke3 Kd6 42. Kd4 Bc6 43. g3 Be8 44. Ra5 Bd7 45. Ra6+ 1-0

[Event "Basel Hilton op 12th"]
[Site "Basel"]
[Date "2010.01.02"]
[Round "2"]
[White "Seitz, Benjamin"]
[Black "Wirz, Heinz"]
[Result "0-1"]
[WhiteElo "2017"]
[BlackElo "2110"]
[PlyCount "82"]
[EventDate "2010.01.01"]
[EventType "swiss"]
[EventRounds "7"]
[EventCountry "SUI"]
[SourceTitle "CBM 134 Extra"]
[Source "ChessBase"]
[SourceDate "2010.03.03"]
[SourceVersion "1"]
[SourceVersionDate "2010.03.03"]
[SourceQuality "1"]

1. d4 Nf6 2. Nf3 e6 3. e3 b6 4. Bd3 Bb7 5. Nbd2 Be7 6. 0-0 c5 7. c3 0-0 8. a3 d6 9. e4 Nbd7 10. b4 Qc7 11. Qe2 e5 12. d5 g6 13. Nc4 Nh5 14. Bh6 Ng7 15. Ng5 Bxg5 16. Bxg5 f6 17. Bh6 Rae8 18. Qc2 Rf7 19. f4 b5 20. Na5 c4 21. Be2 exf4 22. Bxg7 Kxg7 23. Nxb7 Qxb7 24. Bg4 Ne5 25. Be6 Nd3 26. Rad1 Qb6+ 27. Kh1 Qe3 28. Rf3 Qxe4 29. Rdf1 Rxe6 30. dxe6 Qxe6 31. Rxd3 cxd3 32. Qxd3 Qe5 33. h3 Rc7 34. Rf3 g5 35. Qd2 a6 36. h4 Re7 37. hxg5 fxg5 38. Qd3 g4 39. Rf1 Re6 40. c4 g3 41. Kg1 bxc4 0-1